| 000 | 01000nam a2200301 i 4500 | ||
|---|---|---|---|
| 003 | DO-SdBNP | ||
| 005 | 20250513095030.0 | ||
| 007 | ta | ||
| 008 | 091113s1998 dr 001 p spa d | ||
| 040 |
_aDO-SdBNP _bspa _cBNPHU _erda |
||
| 049 | _aBNPD | ||
| 082 | 4 |
_axxx _bxxx _222 |
|
| 100 | _923790 | ||
| 245 | 1 | 3 |
_aLa generación del 48 en el ensayo / _ccompilador, Tomás Castro Burdiez ; prólogo, Andrés L. Mateo |
| 264 | 4 |
_aSanto Domingo : _bEditora Universitaria-UASD, _c©1998. |
|
| 300 |
_a530 páginas ; _c21 cm. |
||
| 336 |
_atexto _btxt _2rdacontent |
||
| 337 |
_asin mediación _bn _2rdamedia |
||
| 338 |
_avolumen _bnc _2rdacarrier |
||
| 490 |
_aPublicaciones de la Universidad Autónoma de Santo Domingo _v881 |
||
| 586 | _aPremio Nacional de Ensayo 1980 | ||
| 590 | _aInventariado, 2025/BT | ||
| 650 | _913072 | ||
| 700 | 1 |
_aCastro, Tomás, _d1959- _ecompilador _4comp. _924641 |
|
| 700 | 1 |
_aMateo, Andrés L., _eprologuista _4pr. _985249 |
|
| 910 | _aBtavárez | ||
| 942 |
_2ddc _cLBS1 |
||
| 999 |
_c59020 _d59020 |
||